01432 a2200205 4500003000500000005001700005010001600022020001500038040000900053082001300062100002200075245004300097250001200140260005500152300005700207440006500264505084500329538002901174650002301203Nust20170207153532.0 a 89000127 a0201172887 cNust00a621.31921 aNilsson, James W.10aElectric circuits /cJames W. Nilsson. a3rd ed. aReading, Mass. :bAddison-Wesley Pub. Co.,cc1990. axvii, 829 p. :bill. ;c25 cm. +e1 tutorial manual. 0aAddison-Wesley series in electrical and computer engineering aCircuit Variables (Page-1) Circuit Elements (Page-15) Simple Resistive Circuits (Page-36) Techniques of Circuit Analysis (Page-65) Topology in Circuit Analysis (Page-121) The Operational Amplifier (Page-145) Induction and Capacitance (Page-176) The Natural Response of RL and RC Circuits (Page-202) Step Response of First-Order and RC Circuits (Page-225) Natural and Step Responses of RLC Circuits (Page-266) Sinusoidal Steady-State Analysis (Page-312) Sinusoidal Steady-State Power Calculations (Page-367) Balanced Three-Phase Circuits (Page-403) Mutual Inductance (Page-446) Series and Parallel Resonance (Page-492) Introduction to the Laplace Transform (Page-536) The Laplace Transform in Circuit Analysis (Page-577) The Transfer Function (Page-616) Fourier Series (Page-668) The Fourier Transform (Page-718) Two-Port Circuits (Page-755) aAlmirah No.31 Shelf No.5 0aElectric circuits.